[Event "Montcalm III 2015-16"]
[Site "Quebec"]
[Date "2015.12.03"]
[Round "3"]
[White "Sarra Bournet, Marc"]
[Black "Bonneau, Daniel"]
[Result "1-0"]
[WhiteElo "1634"]
[BlackElo "1941"]
[PlyCount "67"]
[EventDate "2015.11.19"]
[EventType "swiss"]
[EventRounds "5"]
[EventCountry "CAN"]
[SourceTitle "EXT 2019"]
[Source "ChessBase"]
[SourceDate "2018.10.10"]
[SourceVersion "1"]
[SourceVersionDate "2018.10.10"]
[SourceQuality "1"]

1. e4 e6 2. d4 d5 3. Nd2 Nf6 4. e5 Nfd7 5. f4 c5 6. Ngf3 cxd4 7. Nxd4 a6 8. c3 Be7 9. Bd3 Nc6 10. N2f3 Nc5 11. Bc2 Qc7 12. 0-0 Bd7 13. Qe2 b5 14. Bd2 Qb7 15. f5 0-0-0 16. fxe6 Bxe6 17. Nxc6 Qxc6 18. Nd4 Qb7 19. a4 b4 20. cxb4 Ne4 21. Bxe4 dxe4 22. Rac1+ Kd7 23. Nxe6 fxe6 24. Be3 Ke8 25. Qc4 Rd5 26. Qc6+ Qxc6 27. Rxc6 Bxb4 28. Rxe6+ Be7 29. Rxa6 Rf8 30. Ra8+ Bd8 31. Rxf8+ Kxf8 32. Bg5 Ke8 33. Kf2 h6 34. Rxd8+ 1-0

[Event "Montcalm-ch"]
[Site "Quebec"]
[Date "2014.05.24"]
[Round "1"]
[White "Bonneau, Daniel"]
[Black "Sarra Bournet, Marc"]
[Result "1/2-1/2"]
[WhiteElo "2040"]
[BlackElo "1955"]
[PlyCount "75"]
[EventDate "2014.05.07"]
[EventType "tourn"]
[EventRounds "5"]
[EventCountry "CAN"]
[SourceTitle "EXT 2022"]
[Source "ChessBase"]
[SourceDate "2021.10.06"]
[SourceVersion "1"]
[SourceVersionDate "2021.10.06"]
[SourceQuality "1"]

1. d4 d5 2. c4 e6 3. Nc3 Nf6 4. cxd5 exd5 5. Bg5 Be7 6. e3 0-0 7. Bd3 c6 8. Qc2 Nbd7 9. Nf3 Re8 10. 0-0 h6 11. Bh4 Ne4 12. Bxe7 Qxe7 13. Rfc1 Ndf6 14. Ne5 Ng4 15. Nxg4 Bxg4 16. Nxe4 dxe4 17. Bf1 Rad8 18. Qc5 a6 19. b4 Qf6 20. Rab1 Rd5 21. Qc2 Rg5 22. Rb2 Bf3 23. g3 Rh5 24. Qd2 Rd8 25. Rc5 Rdd5 26. Rxd5 cxd5 27. Qc3 Qf5 28. Rc2 Bg4 29. Qc7 Kh7 30. Qf4 Qg6 31. Qb8 Rxh2 32. Kxh2 Qh5+ 33. Kg1 Bf3 34. Bg2 Bxg2 35. Kxg2 Qf3+ 36. Kh2 Qh5+ 37. Kg2 Qf3+ 38. Kh2 1/2-1/2

[Event "Quebec Montcalm op 6 2013-14"]
[Site "Quebec"]
[Date "2014.04.10"]
[Round "4"]
[White "Marquis, Paul"]
[Black "Bonneau, Daniel"]
[Result "1-0"]
[WhiteElo "2021"]
[BlackElo "1995"]
[PlyCount "49"]
[EventDate "2014.03.20"]
[EventType "swiss"]
[EventRounds "5"]
[EventCountry "CAN"]
[SourceTitle "EXT 2022"]
[Source "ChessBase"]
[SourceDate "2021.10.06"]
[SourceVersion "1"]
[SourceVersionDate "2021.10.06"]
[SourceQuality "1"]

1. c4 c6 2. e4 d5 3. exd5 cxd5 4. d4 Nf6 5. Nc3 e6 6. Nf3 Be7 7. Bd3 0-0 8. 0-0 b6 9. cxd5 exd5 10. Ne5 Bb7 11. Bf4 Nbd7 12. Qf3 a6 13. Qh3 g6 14. Bh6 Re8 15. f4 Nxe5 16. fxe5 Ne4 17. Qf3 f5 18. exf6 Nxf6 19. Rae1 Qd7 20. Rxe7 Qxe7 21. Qxf6 b5 22. Qf3 Rad8 23. h4 Rd7 24. h5 Qh4 25. Qf8+ 1-0

[Event "Quebec Montcalm op 5 2013-14"]
[Site "Quebec"]
[Date "2014.02.20"]
[Round "2"]
[White "Dube, Daniel"]
[Black "Bonneau, Daniel"]
[Result "1-0"]
[WhiteElo "1801"]
[BlackElo "2026"]
[PlyCount "85"]
[EventDate "2014.02.13"]
[EventType "swiss"]
[EventRounds "5"]
[EventCountry "CAN"]
[SourceTitle "EXT 2022"]
[Source "ChessBase"]
[SourceDate "2021.10.06"]
[SourceVersion "1"]
[SourceVersionDate "2021.10.06"]
[SourceQuality "1"]

1. e4 d6 2. d4 Nf6 3. Nc3 g6 4. g3 Bg7 5. Bg2 0-0 6. Nge2 c6 7. h3 e5 8. Be3 Qc7 9. Qd2 Nbd7 10. 0-0 Re8 11. f4 b5 12. dxe5 dxe5 13. f5 Nb6 14. fxg6 fxg6 15. b3 Be6 16. Bg5 Nfd7 17. Rad1 Bf8 18. Kh2 Nc8 19. Nd5 cxd5 20. exd5 Bf7 21. Rxf7 Kxf7 22. d6 Qxd6 23. Bd5+ Kg7 24. Bxa8 Qxd2 25. Rxd2 Nb8 26. Rd8 Rxd8 27. Bxd8 Bd6 28. Nc3 a6 29. Nd5 Kf7 30. Nc7 Nb6 31. Bb7 N8d7 32. Nxa6 Ke8 33. Bxb6 Nxb6 34. Bc6+ Ke7 35. Bxb5 Ke6 36. c4 e4 37. c5 Nd5 38. Bc4 Ke5 39. cxd6 Kxd6 40. Bxd5 Kxd5 41. Kg2 Kd4 42. Kf2 Kd3 43. Ke1 1-0

[Event "Quebec Montcalm op 4 2013-14"]
[Site "Quebec"]
[Date "2014.01.23"]
[Round "3"]
[White "Bonneau, Daniel"]
[Black "Biakolo, Lima"]
[Result "1-0"]
[WhiteElo "2026"]
[BlackElo "1934"]
[PlyCount "45"]
[EventDate "2014.01.09"]
[EventType "swiss"]
[EventRounds "5"]
[EventCountry "CAN"]
[SourceTitle "EXT 2022"]
[Source "ChessBase"]
[SourceDate "2021.10.06"]
[SourceVersion "1"]
[SourceVersionDate "2021.10.06"]
[SourceQuality "1"]

1. e4 c5 2. Nf3 d6 3. d4 cxd4 4. Nxd4 Nf6 5. Nc3 a6 6. Bc4 e6 7. Bb3 Be7 8. g4 Nc6 9. Nxc6 bxc6 10. g5 Nd7 11. Rg1 Nc5 12. Be3 Nxb3 13. axb3 c5 14. Qh5 g6 15. Qf3 Bb7 16. 0-0-0 Qc7 17. h4 0-0 18. h5 Rad8 19. Rh1 Kg7 20. hxg6 fxg6 21. Qh3 Rh8 22. Qxe6 Qc8 23. Qxe7+ 1-0

[Event "Quebec Montcalm op 3 2013-14"]
[Site "Quebec"]
[Date "2013.11.28"]
[Round "3"]
[White "Lapierre, Gaetan"]
[Black "Bonneau, Daniel"]
[Result "1-0"]
[WhiteElo "1941"]
[BlackElo "2018"]
[PlyCount "87"]
[EventDate "2013.11.14"]
[EventType "swiss"]
[EventRounds "5"]
[EventCountry "CAN"]
[SourceTitle "EXT 2022"]
[Source "ChessBase"]
[SourceDate "2021.10.06"]
[SourceVersion "1"]
[SourceVersionDate "2021.10.06"]
[SourceQuality "1"]

1. e4 e6 2. d4 d5 3. e5 c5 4. c3 Nc6 5. Nf3 Bd7 6. a3 c4 7. g3 f6 8. exf6 Nxf6 9. Ne5 Bd6 10. Nxd7 Qxd7 11. Bg2 0-0 12. 0-0 e5 13. dxe5 Nxe5 14. Bxd5+ Kh8 15. f4 Bc5+ 16. Kg2 Nxd5 17. fxe5 Rf2+ 18. Rxf2 Ne3+ 19. Bxe3 Qxd1 20. Rd2 Qe1 21. Bxc5 Qxe5 22. Bf2 Qe4+ 23. Kg1 Rf8 24. a4 h5 25. Na3 h4 26. Re1 Qc6 27. gxh4 Qxa4 28. Re4 Qc6 29. Rxc4 Qg6+ 30. Bg3 b5 31. Rcd4 Qb6 32. Rf2 Re8 33. Nc2 a5 34. Rd6 Qc5 35. Nd4 b4 36. cxb4 axb4 37. Nf3 Re2 38. Rd8+ Kh7 39. Ng5+ Kg6 40. Rd6+ Kh5 41. Rd8 Rxb2 42. Nf3 Rb1+ 43. Kg2 Qc1 44. Rh8+ 1-0

[Event "Quebec Montcalm op 3 2013-14"]
[Site "Quebec"]
[Date "2013.11.14"]
[Round "1"]
[White "Hebert, Andre Jr"]
[Black "Bonneau, Daniel"]
[Result "0-1"]
[WhiteElo "1614"]
[BlackElo "2018"]
[PlyCount "62"]
[EventDate "2013.11.14"]
[EventType "swiss"]
[EventRounds "5"]
[EventCountry "CAN"]
[SourceTitle "EXT 2022"]
[Source "ChessBase"]
[SourceDate "2021.10.06"]
[SourceVersion "1"]
[SourceVersionDate "2021.10.06"]
[SourceQuality "1"]

1. f4 Nf6 2. Nf3 g6 3. Nc3 d6 4. e4 Bg7 5. d4 0-0 6. Be2 c5 7. Be3 cxd4 8. Nxd4 Nc6 9. Nxc6 bxc6 10. 0-0 Qa5 11. Bf3 Rb8 12. Rb1 Be6 13. a3 Nd7 14. Bd2 Qc5+ 15. Kh1 Nb6 16. b4 Qd4 17. Ne2 Qc4 18. Ng3 Qa2 19. Qc1 Nc4 20. f5 Nxd2 21. Qxd2 Bc4 22. Rfc1 Bb2 23. fxg6 fxg6 24. Rd1 Qxa3 25. Qg5 Ba2 26. Nf5 Bf6 27. Nxe7+ Bxe7 28. Qxe7 Bxb1 29. Qe6+ Kg7 30. Rxd6 Qc1+ 31. Rd1 Qxd1+ 0-1

[Event "Quebec Montcalm op 1 2013-14"]
[Site "Quebec"]
[Date "2013.09.12"]
[Round "2"]
[White "Boulianne, Gabriel"]
[Black "Bonneau, Daniel"]
[Result "0-1"]
[WhiteElo "1783"]
[BlackElo "2027"]
[PlyCount "48"]
[EventDate "2013.09.05"]
[EventType "swiss"]
[EventRounds "5"]
[EventCountry "CAN"]
[SourceTitle "EXT 2022"]
[Source "ChessBase"]
[SourceDate "2021.10.06"]
[SourceVersion "1"]
[SourceVersionDate "2021.10.06"]
[SourceQuality "1"]

1. e4 e6 2. d4 d5 3. Nc3 Nf6 4. Bg5 dxe4 5. Bxf6 gxf6 6. Nxe4 a6 7. c3 f5 8. Ng3 Nd7 9. Bc4 Nf6 10. Qe2 Be7 11. 0-0-0 b5 12. Bd3 Bb7 13. Bxb5+ Kf8 14. d5 axb5 15. dxe6 Qc8 16. Nh3 Qxe6 17. Qd2 Ne4 18. Nxe4 fxe4 19. Ng5 Qxa2 20. Rhe1 h6 21. Nxe4 Qa1+ 22. Kc2 Qa4+ 23. Kc1 Bxe4 24. Qd4 Qc2# 0-1

[Event "Quebec Montcalm op 4 2012-13"]
[Site "Quebec"]
[Date "2013.01.17"]
[Round "2"]
[White "Plante, Rejean"]
[Black "Bonneau, Daniel"]
[Result "0-1"]
[WhiteElo "2017"]
[BlackElo "2047"]
[PlyCount "88"]
[EventDate "2013.01.10"]
[EventType "swiss"]
[EventRounds "5"]
[EventCountry "CAN"]
[SourceTitle "EXT 2022"]
[Source "ChessBase"]
[SourceDate "2021.10.06"]
[SourceVersion "1"]
[SourceVersionDate "2021.10.06"]
[SourceQuality "1"]

1. d4 Nf6 2. c4 g6 3. Nc3 Bg7 4. e4 d6 5. Be2 0-0 6. Bg5 c5 7. d5 e6 8. Qd2 exd5 9. exd5 Re8 10. h3 a6 11. Nf3 Nbd7 12. 0-0-0 Ne5 13. Nxe5 Rxe5 14. g4 Qf8 15. Kb1 Ne4 16. Nxe4 Rxe4 17. Bd3 Re8 18. Be3 Bd7 19. f4 f5 20. g5 b5 21. Rhe1 bxc4 22. Bxc4 Rab8 23. b3 Bb5 24. Rc1 Re4 25. Bd3 Re7 26. Bxb5 axb5 27. Bf2 Re4 28. Re2 Qe8 29. Rce1 Rb7 30. Rxe4 fxe4 31. Qe2 Re7 32. Be3 Bd4 33. h4 b4 34. Qc4 Bc3 35. Rf1 Qf7 36. a4 Qf5 37. a5 Qh3 38. Qe2 Bd4 39. Re1 Ra7 40. Bxd4 cxd4 41. Qc4 Rxa5 42. Qxb4 Qd3+ 43. Kb2 Rb5 44. Qa4 Qc3+ 0-1

[Event "Charlesbourg Khalif"]
[Site "Charlesbourg"]
[Date "2012.03.05"]
[Round "4"]
[White "Doyon, Stephane"]
[Black "Bonneau, Daniel"]
[Result "0-1"]
[WhiteElo "1899"]
[BlackElo "2047"]
[PlyCount "64"]
[EventDate "2012.02.13"]
[EventType "swiss"]
[EventRounds "5"]
[EventCountry "CAN"]
[SourceTitle "EXT 2022"]
[Source "ChessBase"]
[SourceDate "2021.10.06"]
[SourceVersion "1"]
[SourceVersionDate "2021.10.06"]
[SourceQuality "1"]

1. e4 e6 2. d3 d5 3. Nd2 g6 4. g3 Bg7 5. Bg2 Ne7 6. Ngf3 0-0 7. 0-0 c5 8. Re1 Nbc6 9. Nf1 Bd7 10. e5 h6 11. h4 d4 12. N1h2 Nd5 13. Ng4 Kh7 14. Bd2 f5 15. exf6 Nxf6 16. Nge5 Nxe5 17. Nxe5 Bc8 18. b4 Qc7 19. bxc5 Nd5 20. Nc4 Qxc5 21. Be4 Nc3 22. Qg4 Nxe4 23. Rxe4 e5 24. Qe2 Bf5 25. Nxe5 Bxe4 26. Nd7 Bf3 27. Qe1 Qf5 28. Nxf8+ Rxf8 29. Kh2 Bc6 30. f4 Qd5 31. Qf2 Re8 32. a3 a5 0-1

[Event "Charlesbourg Khalif"]
[Site "Charlesbourg"]
[Date "2012.02.13"]
[Round "1"]
[White "Bonneau, Daniel"]
[Black "Lapointe, Daniel"]
[Result "1-0"]
[WhiteElo "2061"]
[BlackElo "1680"]
[PlyCount "105"]
[EventDate "2012.02.13"]
[EventType "swiss"]
[EventRounds "5"]
[EventCountry "CAN"]
[SourceTitle "EXT 2022"]
[Source "ChessBase"]
[SourceDate "2021.10.06"]
[SourceVersion "1"]
[SourceVersionDate "2021.10.06"]
[SourceQuality "1"]

1. d4 Nf6 2. Nf3 b6 3. c4 e6 4. a3 Bb7 5. Nc3 Be7 6. d5 exd5 7. cxd5 0-0 8. e4 d6 9. Be2 Nbd7 10. h3 Ne5 11. Nd4 Re8 12. 0-0 Bf8 13. Qc2 g6 14. Bg5 h6 15. Bh4 Bg7 16. Rac1 c5 17. dxc6 Nxc6 18. Nxc6 Bxc6 19. Rfd1 Rc8 20. f3 Qc7 21. Bg3 Red8 22. Ba6 Ba8 23. Bxc8 Qxc8 24. Qb3 g5 25. Nd5 Nxd5 26. exd5 Qf5 27. Re1 Bf6 28. Re2 Be5 29. Bxe5 dxe5 30. Qd3 Qf6 31. d6 Qe6 32. Rcc2 e4 33. Qc4 exf3 34. Qxe6 fxe6 35. d7 Kf8 36. gxf3 Ke7 37. Rc7 Bxf3 38. Rd2 Be4 39. Rd4 Bf5 40. Rxa7 e5 41. Rd5 Ke6 42. Rb5 Bxh3 43. Rxb6+ Ke7 44. Rxh6 Bf5 45. b4 Rxd7 46. Rxd7+ Bxd7 47. Kf2 Bf5 48. Kf3 Bc2 49. Kg4 e4 50. Kxg5 e3 51. Rh3 Kd7 52. Rxe3 Ba4 53. Rc3 1-0

[Event "Quebec Montcalm op 2 2010-11"]
[Site "Quebec"]
[Date "2010.10.28"]
[Round "3"]
[White "Perron, Jonathan"]
[Black "Bonneau, Daniel"]
[Result "0-1"]
[WhiteElo "2075"]
[BlackElo "2071"]
[PlyCount "119"]
[EventDate "2010.10.14"]
[EventType "swiss"]
[EventRounds "5"]
[EventCountry "CAN"]
[SourceTitle "EXT 2022"]
[Source "ChessBase"]
[SourceDate "2021.10.06"]
[SourceVersion "1"]
[SourceVersionDate "2021.10.06"]
[SourceQuality "1"]

1. e4 e6 2. d4 d5 3. Nd2 c5 4. exd5 Qxd5 5. Ngf3 cxd4 6. Bc4 Qd6 7. 0-0 Nf6 8. Nb3 Nc6 9. Nbxd4 Nxd4 10. Nxd4 a6 11. a4 Qc7 12. Bb3 Bd6 13. Kh1 0-0 14. Qf3 e5 15. Nf5 e4 16. Qh3 Qc5 17. g4 Nxg4 18. Qxg4 Bxf5 19. Qh4 Bg6 20. Rd1 Be7 21. Qg3 Rad8 22. Be3 Qf5 23. c3 Bh5 24. Rxd8 Rxd8 25. Bd4 Bf3+ 26. Kg1 Bf6 27. Bd1 Bxd1 28. Rxd1 Be5 29. Qh4 Rd6 30. Re1 Bxd4 31. cxd4 Rxd4 32. Qe7 Qg6+ 33. Kf1 Qc6 34. Qe5 Qc4+ 35. Kg1 h6 36. Qb8+ Kh7 37. Qxb7 Qe6 38. b4 f5 39. Kh1 Rd7 40. Qc8 Qd5 41. Qc5 Qxc5 42. bxc5 Rc7 43. Rc1 Kg8 44. h4 Kf7 45. Kg2 Ke6 46. Rb1 Kd5 47. Rb6 Rc6 48. Rb7 g6 49. Rf7 Kxc5 50. h5 Kb4 51. Kg3 Kxa4 52. Kf4 a5 53. hxg6 Rxg6 54. Kxf5 Rb6 55. Kxe4 Kb4 56. f4 a4 57. Rg7 a3 58. f5 a2 59. Ra7 Kb3 60. Kd3 0-1

[Event "Quebec Montcalm op 2 2010-11"]
[Site "Quebec"]
[Date "2010.10.14"]
[Round "1"]
[White "Bonneau, Daniel"]
[Black "Drolet, Stephane"]
[Result "0-1"]
[WhiteElo "2071"]
[BlackElo "2143"]
[PlyCount "91"]
[EventDate "2010.10.14"]
[EventType "swiss"]
[EventRounds "5"]
[EventCountry "CAN"]
[SourceTitle "EXT 2022"]
[Source "ChessBase"]
[SourceDate "2021.10.06"]
[SourceVersion "1"]
[SourceVersionDate "2021.10.06"]
[SourceQuality "1"]

1. e4 c6 2. d4 g6 3. Nf3 d5 4. Nc3 Bg4 5. Be2 Bg7 6. e5 e6 7. 0-0 Bxf3 8. Bxf3 Nd7 9. Be3 Ne7 10. Bg5 h6 11. Bxe7 Qxe7 12. Ne2 0-0 13. Qd3 c5 14. c3 Rab8 15. Nf4 b5 16. g3 h5 17. h4 b4 18. Rfe1 Nb6 19. Kg2 Rfc8 20. Rac1 Rc6 21. cxb4 c4 22. Qd2 Na4 23. a3 Bh6 24. Nxg6 fxg6 25. Qxh6 Qf7 26. Qd2 a5 27. Bd1 Nb6 28. bxa5 Nc8 29. Qc3 Ne7 30. Ba4 Ra6 31. Re3 Nf5 32. Rf3 Qa7 33. Rf4 Rxa5 34. Bc2 Rab5 35. g4 Rb3 36. Bxb3 Rxb3 37. gxf5 Rxc3 38. Rxc3 gxf5 39. Rg3+ Kf7 40. Rg5 Qb6 41. Rxh5 Qxb2 42. Rh7+ Kf8 43. Rc7 Qd2 44. Rf3 Qxd4 45. Rg3 Qe4+ 46. Kh3 0-1

[Event "Quebec Montcalm op 1 2010-11"]
[Site "Quebec"]
[Date "2010.09.16"]
[Round "2"]
[White "Lapierre, Gaetan"]
[Black "Bonneau, Daniel"]
[Result "0-1"]
[WhiteElo "1949"]
[BlackElo "2055"]
[PlyCount "46"]
[EventDate "2010.09.09"]
[EventType "swiss"]
[EventRounds "5"]
[EventCountry "CAN"]
[SourceTitle "EXT 2022"]
[Source "ChessBase"]
[SourceDate "2021.10.06"]
[SourceVersion "1"]
[SourceVersionDate "2021.10.06"]
[SourceQuality "1"]

1. d4 Nf6 2. c4 g6 3. Nc3 Bg7 4. e4 d6 5. f3 0-0 6. Be3 c5 7. dxc5 dxc5 8. Qxd8 Rxd8 9. Bxc5 Nc6 10. Rd1 Rxd1+ 11. Kxd1 Nd7 12. Ba3 Bxc3 13. bxc3 Nde5 14. f4 Ng4 15. Ke2 Be6 16. Kf3 Rd8 17. Be2 Rd2 18. h3 Nf6 19. g4 Rxa2 20. Bc5 Rc2 21. Be3 Rxc3 22. g5 Nd4+ 23. Kf2 Nxe4+ 0-1

[Event "Quebec Montcalm op 6 2009-10"]
[Site "Quebec"]
[Date "2010.04.08"]
[Round "3"]
[White "Bonneau, Daniel"]
[Black "Caron, Sebastien"]
[Result "0-1"]
[WhiteElo "1975"]
[BlackElo "1930"]
[PlyCount "58"]
[EventDate "2010.03.25"]
[EventType "swiss"]
[EventRounds "5"]
[EventCountry "CAN"]
[SourceTitle "EXT 2022"]
[Source "ChessBase"]
[SourceDate "2021.10.06"]
[SourceVersion "1"]
[SourceVersionDate "2021.10.06"]
[SourceQuality "1"]

1. d4 f5 2. e4 fxe4 3. Nc3 Nf6 4. Bg5 c6 5. f3 Qa5 6. Qd2 e5 7. Bxf6 gxf6 8. fxe4 Bb4 9. Be2 0-0 10. Nf3 d5 11. 0-0 dxe4 12. Nxe5 Be6 13. Ng4 Nd7 14. a3 Bxc3 15. bxc3 Kh8 16. Nf2 f5 17. Nh3 Nf6 18. Nf4 Bd7 19. Qe3 Nd5 20. Qh3 Rg8 21. Nxd5 cxd5 22. Rf4 Rac8 23. c4 Qd2 24. Rh4 Qxd4+ 25. Kf1 Qxa1+ 26. Kf2 Qd4+ 27. Kf1 Rg7 28. Qb3 Bc6 29. Qb4 dxc4 0-1

[Event "Quebec Montcalm op 6 2009-10"]
[Site "Quebec"]
[Date "2010.03.25"]
[Round "1"]
[White "Chiffot, Nicolas"]
[Black "Bonneau, Daniel"]
[Result "0-1"]
[WhiteElo "2113"]
[BlackElo "1975"]
[PlyCount "76"]
[EventDate "2010.03.25"]
[EventType "swiss"]
[EventRounds "5"]
[EventCountry "CAN"]
[SourceTitle "EXT 2022"]
[Source "ChessBase"]
[SourceDate "2021.10.06"]
[SourceVersion "1"]
[SourceVersionDate "2021.10.06"]
[SourceQuality "1"]

1. e4 e6 2. d4 d5 3. Nc3 Nf6 4. Bg5 dxe4 5. Nxe4 Be7 6. Bxf6 gxf6 7. Qd2 a6 8. Nf3 h6 9. 0-0-0 b5 10. Bd3 Bb7 11. Rhe1 Bd5 12. Qf4 Nd7 13. Qg3 Kf8 14. Kb1 c6 15. Nc3 Nb6 16. Nd2 Nc4 17. Bxc4 bxc4 18. Ka1 a5 19. f4 Qc7 20. Qf2 f5 21. g4 a4 22. a3 Qa5 23. Re3 Rb8 24. gxf5 exf5 25. Qe2 Bd6 26. Nxc4 Bxc4 27. Qxc4 Qc7 28. d5 Qb6 29. Nxa4 Qxe3 30. dxc6 Qxf4 31. Qd3 Be5 32. Nc3 Qxh2 33. Qxf5 Qf4 34. Qd3 Rg8 35. Rf1 Qd4 36. Qf5 Rg7 37. c7 Bxc7 38. Nb5 Qe5 0-1

[Event "Quebec Montcalm op 5th"]
[Site "Quebec"]
[Date "2010.03.18"]
[Round "5"]
[White "Bonneau, Daniel"]
[Black "Bourassa, Andre"]
[Result "1-0"]
[WhiteElo "1982"]
[BlackElo "1774"]
[PlyCount "99"]
[EventDate "2010.02.18"]
[EventType "tourn"]
[EventRounds "5"]
[EventCountry "CAN"]
[SourceTitle "EXT 2022"]
[Source "ChessBase"]
[SourceDate "2021.10.06"]
[SourceVersion "1"]
[SourceVersionDate "2021.10.06"]
[SourceQuality "1"]

1. e4 c5 2. Nf3 d6 3. d4 cxd4 4. Nxd4 Nf6 5. Nc3 a6 6. Bc4 Nc6 7. Nxc6 bxc6 8. e5 Nd7 9. exd6 exd6 10. 0-0 Be7 11. Bf4 Nf6 12. Re1 d5 13. Bb3 0-0 14. h3 Be6 15. Qf3 Nd7 16. Na4 Nc5 17. Nxc5 Bxc5 18. Qg3 Qf6 19. c3 Qg6 20. Qxg6 hxg6 21. Ba4 Rfc8 22. b4 Bb6 23. Bc2 Re8 24. Be5 Bd7 25. Bd4 Rxe1+ 26. Rxe1 Bxd4 27. cxd4 Kf8 28. Kf1 a5 29. bxa5 Rxa5 30. Bb3 Ra7 31. Ke2 Ke7 32. Kd3+ Kd6 33. Rc1 Bf5+ 34. Kd2 Rb7 35. Rc5 Rb5 36. Rxb5 cxb5 37. Kc3 Kc6 38. Kb4 Bd3 39. g3 g5 40. Bd1 g6 41. Ka5 Bf1 42. h4 gxh4 43. gxh4 Bd3 44. h5 gxh5 45. Bxh5 f6 46. Be8+ Kb7 47. Bxb5 Bb1 48. a3 Bc2 49. Kb4 Kb6 50. a4 1-0

[Event "Quebec Montcalm op 5th"]
[Site "Quebec"]
[Date "2010.03.11"]
[Round "4"]
[White "Chiffot, Nicolas"]
[Black "Bonneau, Daniel"]
[Result "1-0"]
[WhiteElo "1945"]
[BlackElo "1982"]
[PlyCount "59"]
[EventDate "2010.02.18"]
[EventType "tourn"]
[EventRounds "5"]
[EventCountry "CAN"]
[SourceTitle "EXT 2011"]
[Source "ChessBase"]
[SourceDate "2010.11.26"]
[SourceVersion "1"]
[SourceVersionDate "2010.11.26"]
[SourceQuality "1"]

1. e4 e6 2. d3 d5 3. Nd2 c5 4. Ngf3 Nc6 5. g3 g6 6. Bg2 Bg7 7. 0-0 Nge7 8. Re1 0-0 9. c3 Qc7 10. Nf1 b5 11. exd5 Nxd5 12. Ne3 Nb6 13. Ng4 e5 14. Ng5 Bxg4 15. Qxg4 Rae8 16. Qh4 h6 17. Ne4 Ne7 18. Nf6+ Bxf6 19. Qxf6 Nf5 20. Qc6 Qxc6 21. Bxc6 Re6 22. Bxb5 g5 23. a4 a5 24. Bd2 Nd6 25. Bc6 Ndc4 26. dxc4 Rxc6 27. b3 Rd8 28. Bc1 f6 29. f4 gxf4 30. gxf4 1-0

[Event "Quebec Montcalm op 5th"]
[Site "Quebec"]
[Date "2010.03.04"]
[Round "3"]
[White "Bonneau, Daniel"]
[Black "Gras, Guillaume"]
[Result "0-1"]
[WhiteElo "1982"]
[BlackElo "2113"]
[PlyCount "50"]
[EventDate "2010.02.18"]
[EventType "tourn"]
[EventRounds "5"]
[EventCountry "CAN"]
[SourceTitle "EXT 2011"]
[Source "ChessBase"]
[SourceDate "2010.11.26"]
[SourceVersion "1"]
[SourceVersionDate "2010.11.26"]
[SourceQuality "1"]

1. e4 Nc6 2. c4 e5 3. g3 Bc5 4. Bg2 d6 5. Ne2 Nf6 6. 0-0 h5 7. Nbc3 h4 8. d3 hxg3 9. hxg3 Bg4 10. Be3 Nd4 11. Bxd4 Bxd4 12. Qd2 Bc5 13. d4 exd4 14. Nxd4 Qd7 15. b4 Bxb4 16. Rab1 Bh3 17. Nf5 Bxg2 18. Kxg2 g6 19. Rxb4 gxf5 20. e5 dxe5 21. Qg5 Qc6+ 22. f3 Rh5 23. Qe3 Ng4 24. Qxe5+ Nxe5 25. Re1 Qxf3+ 0-1

[Event "Quebec Montcalm 3 2007-08"]
[Site "Quebec"]
[Date "2007.12.06"]
[Round "4"]
[White "Poliquin, Yvone"]
[Black "Bonneau, Daniel"]
[Result "1-0"]
[WhiteElo "1794"]
[BlackElo "2034"]
[PlyCount "53"]
[EventDate "2007.11.15"]
[EventType "swiss"]
[EventRounds "5"]
[EventCountry "CAN"]
[SourceTitle "EXT 2022"]
[Source "ChessBase"]
[SourceDate "2021.10.06"]
[SourceVersion "1"]
[SourceVersionDate "2021.10.06"]
[SourceQuality "1"]

1. e4 g6 2. d4 c6 3. Nc3 Bg7 4. Nf3 d6 5. h3 Nf6 6. Bd3 0-0 7. 0-0 e5 8. dxe5 dxe5 9. Nxe5 Nxe4 10. Nxf7 Nxc3 11. Nxd8 Nxd1 12. Bc4+ Kh8 13. Rxd1 h6 14. c3 Bf5 15. Nxb7 Nd7 16. Be3 Ne5 17. Nd6 Nxc4 18. Nxc4 Be6 19. Na5 Rab8 20. Rd2 Rfc8 21. Bd4 Bxd4 22. cxd4 Rb5 23. Nb3 Rd8 24. Rc1 Rd6 25. Nc5 Bxa2 26. Ne4 Re6 27. Nc3 1-0

[Event "Quebec Montcalm 3 2007-08"]
[Site "Quebec"]
[Date "2007.11.23"]
[Round "2"]
[White "Myre, Eric"]
[Black "Bonneau, Daniel"]
[Result "1-0"]
[WhiteElo "1922"]
[BlackElo "2034"]
[PlyCount "79"]
[EventDate "2007.11.15"]
[EventType "swiss"]
[EventRounds "5"]
[EventCountry "CAN"]
[SourceTitle "EXT 2022"]
[Source "ChessBase"]
[SourceDate "2021.10.06"]
[SourceVersion "1"]
[SourceVersionDate "2021.10.06"]
[SourceQuality "1"]

1. d4 Nf6 2. c4 g6 3. Nc3 Bg7 4. e4 d6 5. Nge2 0-0 6. Ng3 Nc6 7. Be2 e5 8. d5 Nd4 9. h4 h5 10. Bg5 a6 11. a4 Qe8 12. Be3 Ng4 13. Bxg4 Bxg4 14. Nge2 Nxe2 15. Nxe2 f5 16. 0-0 Bxe2 17. Qxe2 f4 18. Bd2 Qe7 19. g3 f3 20. Qd3 Qd7 21. Rfe1 Qg4 22. Kh2 Bf6 23. Bg5 Bxg5 24. hxg5 Qxg5 25. Re3 Qg4 26. Ra3 Rf7 27. Rxf3 Raf8 28. Rxf7 Rxf7 29. f3 Qg5 30. Qe3 Qf6 31. a5 g5 32. Rb3 g4 33. Kg2 gxf3+ 34. Qxf3 Qxf3+ 35. Rxf3 Rxf3 36. Kxf3 Kf7 37. b4 c6 38. dxc6 bxc6 39. b5 d5 40. bxa6 1-0

[Event "Quebec Montcalm 3 2007-08"]
[Site "Quebec"]
[Date "2007.11.15"]
[Round "1"]
[White "Bonneau, Daniel"]
[Black "Dumont, Eric"]
[Result "1-0"]
[WhiteElo "2034"]
[BlackElo "1620"]
[PlyCount "67"]
[EventDate "2007.11.15"]
[EventType "swiss"]
[EventRounds "5"]
[EventCountry "CAN"]
[SourceTitle "EXT 2022"]
[Source "ChessBase"]
[SourceDate "2021.10.06"]
[SourceVersion "1"]
[SourceVersionDate "2021.10.06"]
[SourceQuality "1"]

1. d4 f5 2. Nc3 Nf6 3. Bg5 e6 4. e4 fxe4 5. Bxf6 Qxf6 6. Nxe4 Qh6 7. Nf3 b6 8. Bd3 Bb7 9. Qe2 Be7 10. 0-0 0-0 11. c3 Nc6 12. b4 Rae8 13. b5 Nd8 14. a4 Nf7 15. a5 Nd6 16. axb6 axb6 17. Ra7 Nxe4 18. Bxe4 Bxe4 19. Qxe4 Rf4 20. Qe2 Qh5 21. Qe5 Qg4 22. h3 Qf5 23. Qxf5 Rxf5 24. Rxc7 Rxb5 25. Rxd7 Bf6 26. Nd2 e5 27. Ne4 Rb3 28. Ra1 exd4 29. Nxf6+ gxf6 30. cxd4 Rd3 31. Raa7 Rd1+ 32. Kh2 Rde1 33. Rg7+ Kf8 34. Raf7# 1-0